000 01076nam a22002417a 4500
005 20260325113415.0
008 260325b |||||||| |||| 00| 0 eng d
020 _a9789389688566
040 _cAL
041 _aeng
082 _a005.73
_bSUDD
100 _aP Sudharsan
_9259271
245 _aData structures
260 _aNew Delhi
_bCBS Publishers and Distributors Pvt Ltd
_c2020
300 _axii,434p
_bPB
_c24x17cm
365 _2Computer Science and Engineering
_aVBI-2645
_b₹326.25
_c
_d₹435.00
_e25%
_f20-02-2026
520 _aThis book is specifically designed in accordance with the 'Anna University 2017 regulation' Of CSE and it courses. It is written in an easy to understand manner to meet the requirements of the students who want to get conversant with programming in C and to write programs in C for various data structures with algorithms.
650 _aFor Anna University CSE IT Courses
_9259261
650 _aLinear Data Structures
_9259262
650 _aHashing Techniques
_9259263
700 _aKumar, J John Manoj
_9259241
942 _2ddc
_cBK
999 _c241055
_d241055